Rozvoj sociálneho podnikania vo vybraných krajinách diplomová práca

Saved in:
Bibliographic Details
Main Author: Hodosiová, Nikoletta
Corporate Author: Národohospodárska fakulta EU. Katedra sociálneho rozvoja a práce
Other Authors: Pongráczová, Eva, 1971-
Format: Book
Language:Slovak
Published: Bratislava 2016
Tags: Add Tag
No Tags, Be the first to tag this record!

MARC

LEADER 00000nbm a2200000 4500
001 0217872
005 20161115122807.7
041 0 |a slo 
044 |a SK 
245 1 0 |a Rozvoj sociálneho podnikania vo vybraných krajinách  |b diplomová práca  |c Nikoletta Hodosiová ; školiteľ: Eva Pongrácz 
264 1 |a Bratislava  |c 2016 
300 |a 94 s. 
100 1 |a Hodosiová, Nikoletta 
700 1 |a Pongráczová, Eva, 1971- 
710 2 |a Národohospodárska fakulta EU. Katedra sociálneho rozvoja a práce